00489nam a2200205Ia 4500008004100000020001800041050001400059100002200073245003300095245002500128260001500153260001600168260000900184300001600193300002600209300001000235300002300245440000700268500000800275170918s9999 xx 000 0 und d a9780439559744 bS857 2001 aStilton, Geronimo aMerry Christmas, Geronimo! / cby Geronimo Stilton. aNew York : bScholastic, c2001 a113 pages : bcolor illustrations ; c19cm. eGeronimo Stilton ; a12 a430